000 00261nam a2200109Ia 4500
008 221009s9999 xx 000 0 und d
082 _a300/MAZ
100 _aIndrani Mazumadar
_922356
245 0 _aWomen Workers & Globaliazation
260 _bStree
942 _cBK
999 _c64912
_d64912